00354nam a2200157Ia 4500003000400000005001700004008004100021040000700062041000800069082001600077100001100093245002800104260004000132300000900172650001500181OSt20260506151005.0250729s2007 xx 000 0 und d cAL akan a370.15 RAJS aRaju G aShykshanika manovijnana aGadagabVidyanidhi Prakashanac2007 a490p aPsychology